000 01540nam a2200445 i 4500
999 _c2574
_d2574
001 019622652
003 UkOxU
005 20231017155525.0
006 m m
007 co mg ---muuuu
008 130429s2013 enka 000 0 eng d
015 _aGBB352981
_2bnb
020 _a9780198390268
_qTeacher pack
035 _a(Uk)016424422
035 _a(StEdALDL)1/3050320
040 _aStDuBDS
_beng
_erda
_cStDuBDS
_dUkOxU
049 _aCROBAR
082 0 4 _a530 REY
100 1 _aReynolds, Helen,
_d1963-
_eauthor.
245 1 0 _aComplete physics for Cambridge Lower Secondary:
_bTeacher Pack /
_cHelen Reynolds
264 1 _aOxford :
_bOxford University Press,
_c2013.
264 4 _c©2013
300 _a3 volumes :
_billustrations ;
_c28-30 cm +
_e1 CD-ROM (4 3/4 in.)
336 _atext
_2rdacontent
336 _astill image
_2rdacontent
336 _acomputer dataset
_2rdacontent
337 _aunmediated
_2rdamedia
337 _acomputer
_2rdamedia
338 _avolume
_2rdacarrier
338 _acomputer disc
_2rdacarrier
490 1 _aCambridge checkpoint and beyond
500 _a"Endorsed by Cambridge International Examinations".
500 _aTeacher pack accompanied by CD-ROM in pocket attached to inside back cover.
500 _aIncludes index.
505 0 _aStudent book -- Workbook -- Teacher pack.
650 0 _aPhysics.
710 2 _aUniversity of Cambridge.
_bLocal Examinations Syndicate.
_bInternational Examinations.
830 0 _aCambridge checkpoint and beyond.
942 _2ddc
_cTR